000 00555nam a2200229Ia 4500
003 OSt
005 20220918182755.0
006 a|||||r|||| 00| 0
007 ta
008 220917b |||||||| |||| 00| 0 eng d
024 _a34,400
037 _cTextual
040 _aARTS
_cARTS
_beng
041 _2eng
_aeng
082 _aO15:2M97:1, K3
100 _aSastri Y M
_961187
245 0 _aAdikavyodyam
260 _c1963
650 _aENGLISH LITERATURE
942 _hO15:2M97:1, K3
_cTEXL
_2CC
999 _c170315
_d170315